Affordable homes (Record no. 72318)

MARC details
000 -LEADER
fixed length control field 01151cam a2200229 4500
001 - CONTROL NUMBER
control field WB3911-06
008 - FIXED-LENGTH DATA ELEMENTS--GENERAL INFORMATION
fixed length control field 030318n2003 000 0 eng u
035 ## - SYSTEM CONTROL NUMBER
System control number (Sirsi) u121657
245 ## - TITLE STATEMENT
Title Affordable homes
260 ## - PUBLICATION, DISTRIBUTION, ETC.
Date of publication, distribution, etc. 2003
490 ## - SERIES STATEMENT
Series statement Greater London Authority News Release
Volume/sequential designation 17 March 2003, (2)
520 ## - SUMMARY, ETC.
Summary, etc. New report commissioned by the Mayor and the Government Office for London argues that many London boroughs could increase their supply of affordable homes by lowering the thresholds of sites on which affordable housing can be sought. The report recommends that the thresholds which set the number of homes in a development above which affordable housing can be sought be reduced to five - 10 from their current levels of 15 or 25. For the Greater London Authority Press Release: http://www.london.gov.uk/view_press_release.jsp?releaseid=1669
590 ## - LOCAL NOTE (RLIN)
Local note WB
650 ## - SUBJECT ADDED ENTRY--TOPICAL TERM
Topical term or geographic name entry element GREATER LONDON AUTHORITY
650 ## - SUBJECT ADDED ENTRY--TOPICAL TERM
Topical term or geographic name entry element LONDON
650 ## - SUBJECT ADDED ENTRY--TOPICAL TERM
Topical term or geographic name entry element Affordable housing
9 (RLIN) 6215
650 ## - SUBJECT ADDED ENTRY--TOPICAL TERM
Topical term or geographic name entry element THRESHOLDS
650 ## - SUBJECT ADDED ENTRY--TOPICAL TERM
Topical term or geographic name entry element HOUSING-DEVELOPMENT
650 ## - SUBJECT ADDED ENTRY--TOPICAL TERM
Topical term or geographic name entry element TOWN AND COUNTRY PLANNING ACT 1990 S106
690 ## - LOCAL SUBJECT ADDED ENTRY--TOPICAL TERM (OCLC, RLIN)
Topical term or geographic name as entry element Affordable housing
9 (RLIN) 6215
942 ## - ADDED ENTRY ELEMENTS (KOHA)
Suppress in OPAC 0
Holdings
Withdrawn status Lost status Source of classification or shelving scheme Damaged status Not for loan Home library Current library Shelving location Date acquired Total Checkouts Full call number Barcode Date last seen Copy number Price effective from Koha item type
    Dewey Decimal Classification     London London News article 18/03/2003   WB3911-06 121657-1001 06/08/2019 1 06/08/2019 News article